Régions administratives du Québec - Statistiques

Statistiques générales
  • Ce quiz a été pris 4 459 fois
  • Le résultat moyen est 13 sur 17
Statistiques - réponses
Hint Réponse % Correct
6. Montréal
93%
3. Capitale-Nationale
86%
11. Gaspésie-Îles-de-la-Madeleine
81%
5. Estrie
80%
15. Laurentides
78%
13. Laval
77%
8. Abitibi-Témicasminque
75%
9. Côte-Nord
75%
16. Montérégie
74%
2. Saguenay-Lac-Saint-Jean
74%
14. Lanaudière
72%
10. Nord-du-Québec
72%
1. Bas-Saint-Laurent
70%
4. Mauricie
70%
7. Outaouais
69%
17. Centre-du-Québec
64%
12. Chaudière-Appalaches
56%
Aucun quiz correspondant
Distribution des résultats
% des personnes avec chaque résultat
Percentile par nombre de réponses
Votre historique - résultats
Vous n’avez pas pris ce quiz